[Event "SCO-ch 122nd"]
[Site "Edinburgh"]
[Date "2015.07.15"]
[Round "5"]
[White "Brown, Allan D"]
[Black "Zamvar, Vipin"]
[Result "1/2-1/2"]
[WhiteElo "1798"]
[BlackElo "1622"]
[PlyCount "112"]
[EventDate "2015.07.11"]
[EventType "swiss"]
[EventRounds "9"]
[EventCountry "SCO"]
[SourceTitle "CBM 167 Extra"]
[Source "ChessBase"]
[SourceDate "2015.09.14"]
[SourceVersion "1"]
[SourceVersionDate "2015.09.14"]
[SourceQuality "1"]

1. d4 Nf6 2. g3 g6 3. Bg2 Bg7 4. c4 0-0 5. e4 d6 6. Nc3 Nc6 7. Nge2 Bg4 8. f3 Bd7 9. Be3 Qc8 10. h4 h5 11. Qd2 a5 12. Bh6 e5 13. Bxg7 Kxg7 14. d5 Nb4 15. a3 Na6 16. 0-0-0 Nc5 17. Kb1 Qb8 18. g4 b5 19. gxh5 Nxh5 20. cxb5 Bxb5 21. Nxb5 Qxb5 22. Nc3 Qb3 23. Qc2 Rab8 24. Qxb3 Rxb3 25. Kc2 Rfb8 26. Rb1 Nf4 27. Bf1 f6 28. Bc4 R3b6 29. Rh2 Nb3 30. Bxb3 Rxb3 31. Rf2 Rxb2+ 32. Rxb2 Rxb2+ 33. Kxb2 Nd3+ 34. Kb3 Nxf2 35. Ka4 g5 36. hxg5 fxg5 37. Kxa5 Kf6 38. Kb5 Nd3 39. a4 Ke7 40. Kc6 Kd8 41. a5 Kc8 42. a6 Nb4+ 43. Kb5 Nd3 44. Na4 Ne1 45. Kc6 Kb8 46. a7+ Kxa7 47. Kxc7 Nxf3 48. Kxd6 g4 49. Nc3 g3 50. Ne2 g2 51. Ke7 Nd4 52. Ng1 Kb7 53. Kd6 Kc8 54. Kxe5 Nb5 55. Kf4 Kd7 56. Kf3 Nd4+ 1/2-1/2

[Event "SCO-ch 122nd"]
[Site "Edinburgh"]
[Date "2015.07.13"]
[Round "3"]
[White "Brown, Allan D"]
[Black "Grant, Jonathan"]
[Result "0-1"]
[WhiteElo "1798"]
[BlackElo "2211"]
[PlyCount "70"]
[EventDate "2015.07.11"]
[EventType "swiss"]
[EventRounds "9"]
[EventCountry "SCO"]
[SourceTitle "CBM 167 Extra"]
[Source "ChessBase"]
[SourceDate "2015.09.14"]
[SourceVersion "1"]
[SourceVersionDate "2015.09.14"]
[SourceQuality "1"]

1. d4 Nf6 2. g3 d5 3. Bg2 e6 4. Nf3 b5 5. 0-0 Bb7 6. Bg5 Nbd7 7. a4 b4 8. Ne5 c5 9. c3 Rc8 10. Nd2 Be7 11. a5 Nxe5 12. dxe5 Nd7 13. Bxe7 Qxe7 14. Nc4 0-0 15. Nd6 Rb8 16. Nxb7 Rxb7 17. c4 Nxe5 18. cxd5 Rd7 19. e4 Nc6 20. Qa4 Nd4 21. Rfe1 e5 22. Rac1 Rc7 23. Re3 g6 24. Qd1 Rfc8 25. Bh3 Rb8 26. f4 Qd6 27. Qg4 f5 28. exf5 exf4 29. gxf4 Nxf5 30. Re5 Rf8 31. Qg2 Nd4 32. Qe4 Rxf4 33. Re8+ Kg7 34. Qe5+ Qxe5 35. Rxe5 Nf3+ 0-1

[Event "SCO-ch 120th"]
[Site "Helensburgh"]
[Date "2013.07.14"]
[Round "9.3"]
[White "Brown, Allan D"]
[Black "Golubev, Sergey"]
[Result "0-1"]
[WhiteElo "1781"]
[BlackElo "2046"]
[PlyCount "54"]
[EventDate "2013.07.06"]
[EventType "swiss"]
[EventRounds "9"]
[EventCountry "SCO"]
[SourceTitle "EXT 2023"]
[Source "ChessBase"]
[SourceDate "2022.10.05"]
[SourceVersion "1"]
[SourceVersionDate "2022.10.05"]
[SourceQuality "1"]

1. d4 Nf6 2. c4 e6 3. Nf3 Bb4+ 4. Bd2 Bxd2+ 5. Nbxd2 d5 6. e3 0-0 7. Bd3 b6 8. 0-0 Bb7 9. Rc1 dxc4 10. Bxc4 Nbd7 11. Re1 c5 12. e4 cxd4 13. e5 Nd5 14. Ne4 Qe7 15. Nd6 Nxe5 16. Nxb7 Nxc4 17. Rxc4 Qxb7 18. Rxd4 Qc7 19. Rh4 Nf6 20. g4 Rfd8 21. Qe2 Rd5 22. g5 Nd7 23. Qe4 Nf8 24. Qg4 Rad8 25. Qh3 Rd1 26. Rxd1 Rxd1+ 27. Kg2 Ng6 0-1

[Event "SCO-ch 119th"]
[Site "Glasgow"]
[Date "2012.10.07"]
[Round "4"]
[White "Brown, Allan D"]
[Black "Robertson, Jim"]
[Result "0-1"]
[WhiteElo "1806"]
[BlackElo "1696"]
[PlyCount "48"]
[EventDate "2012.07.07"]
[EventType "swiss"]
[EventRounds "9"]
[EventCountry "SCO"]
[SourceTitle "CBM 149 Extra"]
[Source "ChessBase"]
[SourceDate "2012.08.24"]
[SourceVersion "1"]
[SourceVersionDate "2012.08.24"]
[SourceQuality "1"]

1. d4 e6 2. Nf3 f5 3. g3 d5 4. Bg2 c6 5. 0-0 Bd6 6. b3 Nf6 7. c4 Ne4 8. Nfd2 Nd7 9. f3 Nxd2 10. Nxd2 h5 11. e4 h4 12. Qe1 hxg3 13. hxg3 Qg5 14. f4 Qh6 15. e5 Bb4 16. Kf2 g5 17. fxg5 Qxg5 18. a3 Bc3 19. Ra2 Bxd4+ 20. Ke2 Qe3+ 21. Kd1 Qxe1+ 22. Rxe1 Nxe5 23. Nf3 Nxf3 24. Bxf3 Bf6 0-1

[Event "SCO-ch 119th"]
[Site "Glasgow"]
[Date "2012.07.13"]
[Round "7"]
[White "Zamvar, Vipin"]
[Black "Brown, Allan D"]
[Result "1-0"]
[WhiteElo "1676"]
[BlackElo "1806"]
[PlyCount "72"]
[EventDate "2012.07.07"]
[EventType "swiss"]
[EventRounds "9"]
[EventCountry "SCO"]
[SourceTitle "CBM 149 Extra"]
[Source "ChessBase"]
[SourceDate "2012.08.24"]
[SourceVersion "1"]
[SourceVersionDate "2012.08.24"]
[SourceQuality "1"]

1. e4 d6 2. g3 e5 3. Nf3 Nf6 4. d3 Be7 5. Bg2 c6 6. 0-0 Qc7 7. Nbd2 Nbd7 8. Re1 b6 9. a4 0-0 10. h4 Bb7 11. Nc4 d5 12. exd5 Nxd5 13. Ncxe5 Nxe5 14. Nxe5 Bd6 15. Nf3 Rfe8 16. Nd4 Bxg3 17. fxg3 Qxg3 18. Rxe8+ Rxe8 19. Nf3 c5 20. Qf1 Nb4 21. Qf2 Qxf2+ 22. Kxf2 Nxc2 23. Rb1 Nb4 24. Bf1 Ba6 25. Ne1 h6 26. Bd2 Nc6 27. Bc3 f6 28. Ng2 Kf7 29. h5 Bc8 30. Nf4 Bf5 31. Bg2 Ne5 32. Rd1 g5 33. hxg6+ Bxg6 34. Bd5+ Kg7 35. Rg1 Kh7 36. Nxg6 Nxd3+ 1-0

[Event "SCO-ch 118th"]
[Site "Edinburgh"]
[Date "2011.07.12"]
[Round "4"]
[White "Brown, Allan D"]
[Black "Kynoch, Richard"]
[Result "0-1"]
[WhiteElo "1887"]
[BlackElo "1966"]
[PlyCount "36"]
[EventDate "2011.07.09"]
[EventType "swiss"]
[EventRounds "9"]
[EventCountry "SCO"]
[SourceTitle "CBM 143 Extra"]
[Source "ChessBase"]
[SourceDate "2011.08.29"]
[SourceVersion "1"]
[SourceVersionDate "2011.08.29"]
[SourceQuality "1"]

1. d4 e6 2. Nf3 f5 3. c4 Nf6 4. Nc3 d5 5. e3 c6 6. a3 Bd6 7. c5 Bc7 8. b4 0-0 9. Bb2 Nbd7 10. g3 Ne4 11. Nxe4 fxe4 12. Ne5 Nxe5 13. dxe5 Qg5 14. Qd2 Bxe5 15. Bg2 Bxb2 16. Qxb2 Qf6 17. Qxf6 Rxf6 18. Ke2 b6 0-1

[Event "SCO-ch 118th"]
[Site "Edinburgh"]
[Date "2011.07.11"]
[Round "3"]
[White "Brown, Allan D"]
[Black "Grant, Jonathan"]
[Result "0-1"]
[WhiteElo "1887"]
[BlackElo "2204"]
[PlyCount "34"]
[EventDate "2011.07.09"]
[EventType "swiss"]
[EventRounds "9"]
[EventCountry "SCO"]
[SourceTitle "CBM 143 Extra"]
[Source "ChessBase"]
[SourceDate "2011.08.29"]
[SourceVersion "1"]
[SourceVersionDate "2011.08.29"]
[SourceQuality "1"]

1. e4 c6 2. d4 d5 3. e5 Bf5 4. Nd2 e6 5. Ne2 h6 6. Nf4 c5 7. g4 Bh7 8. Nf3 Nc6 9. dxc5 Bxc5 10. Nd3 Bb6 11. g5 Nge7 12. Rg1 Qc7 13. gxh6 gxh6 14. Bf4 0-0-0 15. Qd2 Be4 16. Be2 d4 17. Bxh6 Bxd3 0-1

[Event "SCO-ch"]
[Site "Edinburgh"]
[Date "2009.07.19"]
[Round "9"]
[White "Brown, Allan D"]
[Black "Montgomery, Robert S"]
[Result "0-1"]
[WhiteElo "1880"]
[BlackElo "1944"]
[PlyCount "58"]
[EventDate "2009.07.11"]
[EventType "swiss"]
[EventRounds "9"]
[EventCountry "SCO"]
[SourceTitle "CBM 131 Extra"]
[Source "ChessBase"]
[SourceDate "2009.09.03"]
[SourceVersion "2"]
[SourceVersionDate "2009.09.16"]
[SourceQuality "1"]

1. d4 Nf6 2. Nf3 g6 3. c4 Bg7 4. Nc3 0-0 5. e4 d6 6. Be2 e5 7. dxe5 dxe5 8. Qxd8 Rxd8 9. Bg5 Re8 10. 0-0-0 c6 11. Nxe5 Nxe4 12. Nxe4 Bxe5 13. Nf6+ Bxf6 14. Bxf6 Nd7 15. Rxd7 Bxd7 16. Bf3 Bf5 17. Rd1 Be4 18. Bg4 Bxg2 19. f3 Re2 20. f4 Re4 21. Be5 Rxc4+ 22. Kb1 Be4+ 23. Ka1 f5 24. Be2 Rc2 25. Bf1 Bf3 26. Re1 Rd8 27. Kb1 Rd1+ 28. Kxc2 Rxe1 29. Bc4+ Bd5 0-1